000 01068cam a22002774a 4500
999 _c234423
_d234423
001 12722034
003 Nust
005 20170320165520.0
008 020328s2003 maua b 001 0 eng
010 _a 2002066429
020 _a0631222936
020 _a0631222944 (pbk.)
040 _aDLC
_cDLC
_dDLC
042 _apcc
050 0 0 _aGE42
_b.E573 2003
082 0 0 _a179.1 AND
_221
245 0 0 _aEnvironmental ethics :
_ban anthology /
_cedited by Andrew Light and Holmes Rolston.
260 _aMalden, MA :
_bBlackwell Pub.,
_cc2003.
300 _ax, 554 p.
_bill.
_c26 cm.
440 0 _aBlackwell philosophy anthologies ;
_v19
500 _aH.B
504 _aIncludes bibliographical references and index.
650 0 _aEnvironmental ethics.
700 1 _aLight, Andrew,
_d1966-
700 1 _aRolston, Holmes,
_d1932-
906 _a7
_bcbc
_corignew
_d1
_eocip
_f20
_gy-gencatlg
942 _2ddc
_cBK
_k179.1 AND